特別豪雪地帯を含む都道府県 - Statistics

General Stats
  • This quiz has been taken 120 times
  • The average score is 9 of 15
Answers on the Grid
Answers color-coded by a green-red scale on the quiz's grid according to % correct below.
北海道
青森県
岩手県
秋田県
宮城県
山形県
福島県
栃木県
群馬県
新潟県
富山県
石川県
福井県
長野県
岐阜県
山梨県
静岡県
滋賀県
京都府
兵庫県
鳥取県
島根県
岡山県
広島県
 
Answer Stats
Answer % Correct
新潟県
83%
青森県
81%
北海道
76%
秋田県
74%
山形県
69%
富山県
69%
長野県
59%
福井県
57%
石川県
56%
岩手県
50%
岐阜県
48%
福島県
42%
宮城県
33%
滋賀県
31%
群馬県
28%
No matching quizzes found
Score Distribution
Percent of People with Each Score
Percentile by Number Answered
Your Score History
You have not taken this quiz